A new approach to the understanding of child rights (Record no. 4559)
[ view plain ]
| 000 -LEADER | |
|---|---|
| fixed length control field | 00516nam a2200145 4500 |
| 008 - FIXED-LENGTH DATA ELEMENTS--GENERAL INFORMATION | |
| fixed length control field | 231225b |||||||| |||| 00| 0 eng d |
| 082 ## - DEWEY DECIMAL CLASSIFICATION NUMBER | |
| Classification number | 323 |
| Item number | INI |
| 942 ## - ADDED ENTRY ELEMENTS (KOHA) | |
| Item Type | Reports |
| 110 ## - MAIN ENTRY--CORPORATE NAME | |
| Corporate Name | INASIA-SCN research team |
| 700 ## - ADDED ENTRY--PERSONAL NAME | |
| Personal name | Fernando, Vijitha |
| Relator Term | translator |
| 245 ## - TITLE STATEMENT | |
| Title | A new approach to the understanding of child rights |
| 260 ## - PUBLICATION, DISTRIBUTION, ETC. (IMPRINT) | |
| Place of Publication | Colombo: |
| Name of Publisher | INASIA, |
| Date of Copyright | 2000 |
| 440 ## - SERIES STATEMENT/ADDED ENTRY--TITLE | |
| Title | Relevance and expression of child rights in contemporary Sri Lanka- A set of exploratory, micro-level, sociological studies |
| Volume | 1 |
| 650 ## - SUBJECT ADDED ENTRY--TOPICAL TERM | |
| Topical Term | CHILDREN RIGHTS |
| Withdrawn status | Lost status | Source of classification or shelving scheme | Damaged status | Not for loan | Permanent location | Current location | Date acquired | Total Checkouts | Full call number | Barcode | Date last seen | Price effective from | Koha item type |
|---|---|---|---|---|---|---|---|---|---|---|---|---|---|
| Dewey Decimal Classification | Resource center, Muslim Women's Research And Action Forum | Resource center, Muslim Women's Research And Action Forum | 2023-12-25 | 323 INI | RAF4619 | 2023-12-25 | 2023-12-25 | Reports |

